000 00849cam a2200253 a 4500
001 000017233
005 20200929165045.0
008 880808s1969 sp 000 p spa d
040 _aDO-SdBNP
_bspa
_cCSU
_dBNPHU
_dm.c
082 _a861.6
_bA454c
100 1 _aAlonso, Dámaso,
_d1898-1990
_98769
245 1 0 _aCancionero y romancero español /
_cDámaso Alonso.
260 _aMadrid :
_bSalvat ;
_bAlianza,
_c1969.
300 _a201 p. ;
_c19 cm.
490 1 _aBiblioteca básica Salvat. Libro RTV
_v26
650 4 _aBaladas españolas
_xHistoria y crítica
_937889
650 4 _aRomanceros españoles
_xHistoria y crítica
_922616
650 4 _aPoesía española
_9631
650 4 _aLiteratura española
_9632
830 0 _aBiblioteca básica Salvat. Libro RTV ;
_v26
_937890
910 _aCatalogación derivada
910 _aWM
049 _aBNGR
999 _c16758
_d16758